[Event "Kalamazoo op"]
[Site "Kalamazoo"]
[Date "2003.10.26"]
[Round "5.10"]
[White "Thach, Scott"]
[Black "Jewell, Kenneth"]
[Result "1-0"]
[WhiteElo "1416"]
[BlackElo "1786"]
[PlyCount "145"]
[EventDate "2003.10.25"]
[EventType "swiss"]
[EventRounds "5"]
[EventCountry "USA"]
[SourceTitle "EXT 2007"]
[Source "ChessBase"]
[SourceDate "2006.11.23"]
[SourceVersion "1"]
[SourceVersionDate "2006.11.23"]
[SourceQuality "1"]

1. e4 e5 2. Nf3 Nc6 3. d4 exd4 4. Nxd4 Qh4 5. Nc3 Bb4 6. Be2 Nf6 7. Ndb5 Nxe4 8. 0-0 Nxf2 9. Qd5 Ba5 10. Bg5 Qb4 11. Rxf2 0-0 12. Kh1 d6 13. Raf1 Be6 14. Qf3 Bb6 15. Be3 Ne5 16. Qg3 c6 17. a3 Qxb2 18. Bc1 Bxf2 19. Qxe5 dxe5 20. Bxb2 cxb5 21. Rxf2 Bd7 22. Nxb5 Bxb5 23. Bxb5 Rad8 24. g3 Rd1+ 25. Kg2 Rfd8 26. Bd3 f6 27. Bc3 b6 28. Re2 R1xd3 29. cxd3 Rxd3 30. Bb2 Kf7 31. Rf2 Ke6 32. Rc2 Rd7 33. Kf2 h5 34. Ke3 Kf5 35. h3 Ke6 36. Rd2 Rc7 37. Kd3 g6 38. Ke3 f5 39. Re2 g5 40. Kf2 Rc5 41. Kg2 g4 42. h4 e4 43. Kf2 Rd5 44. Ke3 Rb5 45. Kf4 a5 46. Bd4 Rb3 47. Re3 a4 48. Bh8 Rxe3 49. Kxe3 Kd5 50. Bc3 Kc4 51. Bb4 b5 52. Kf4 Kd3 53. Kxf5 e3 54. Kg5 e2 55. Kxh5 Kc2 56. Kxg4 Kd1 57. h5 e1Q 58. Bxe1 Kxe1 59. h6 Kd2 60. h7 Kc2 61. h8Q b4 62. axb4 Kb1 63. Qc3 Ka2 64. b5 Kb1 65. Qb4+ Ka2 66. Qxa4+ Kb2 67. Qc4 Ka1 68. Qb4 Ka2 69. Kf3 Ka1 70. Ke2 Ka2 71. Kd2 Ka1 72. Kc2 Ka2 73. Qa4# 1-0

[Event "Kalamazoo op"]
[Site "Kalamazoo"]
[Date "2003.10.25"]
[Round "1.15"]
[White "Jewell, Kenneth"]
[Black "Rutkowski, Robert"]
[Result "1-0"]
[WhiteElo "1786"]
[BlackElo "1070"]
[PlyCount "65"]
[EventDate "2003.10.25"]
[EventType "swiss"]
[EventRounds "5"]
[EventCountry "USA"]
[SourceTitle "EXT 2007"]
[Source "ChessBase"]
[SourceDate "2006.11.23"]
[SourceVersion "1"]
[SourceVersionDate "2006.11.23"]
[SourceQuality "1"]

1. e4 e5 2. Nf3 Nc6 3. Bc4 h6 4. d4 exd4 5. Nxd4 Nxd4 6. Qxd4 d6 7. 0-0 Ne7 8. Nc3 Nc6 9. Qd1 Be7 10. f4 Be6 11. Bxe6 fxe6 12. Qh5+ Kd7 13. Be3 Kc8 14. Qg4 Qg8 15. Rad1 b6 16. a4 Kb7 17. Nb5 Rd8 18. Nd4 Nxd4 19. Bxd4 Bf6 20. e5 Be7 21. exd6 Bxd6 22. Rfe1 Re8 23. Be5 Bxe5 24. Rxe5 a5 25. Rde1 Qh7 26. Qf3+ Ka7 27. Qc6 Ref8 28. Qxc7+ Ka6 29. Rxe6 Rb8 30. Qc4+ Ka7 31. Re7+ Rb7 32. Rxb7+ Kxb7 33. Re7+ 1-0

[Event "Auburn Hills op"]
[Site "Auburn Hills"]
[Date "2003.04.27"]
[Round "5"]
[White "Skidmore, Mike"]
[Black "Jewell, Kenneth"]
[Result "1-0"]
[WhiteElo "1833"]
[BlackElo "1812"]
[PlyCount "102"]
[EventDate "2003.04.26"]
[EventType "swiss"]
[EventRounds "5"]
[EventCountry "USA"]
[SourceTitle "EXT 2007"]
[Source "ChessBase"]
[SourceDate "2006.11.23"]
[SourceVersion "1"]
[SourceVersionDate "2006.11.23"]
[SourceQuality "1"]

1. e4 e5 2. Nf3 Nc6 3. Bb5 a6 4. Ba4 Nf6 5. d3 b5 6. Bb3 Be7 7. 0-0 0-0 8. Re1 d6 9. c3 Bb7 10. Nbd2 h6 11. Nf1 Re8 12. Ng3 Bc8 13. h3 Nb8 14. Nh2 c6 15. Nh5 Be6 16. Re3 Nxh5 17. Qxh5 Bg5 18. Rg3 Bxc1 19. Rxc1 Qf6 20. Ng4 Bxg4 21. Qxg4 Ra7 22. Re1 Ree7 23. Qc8+ Kh7 24. Qxb8 Red7 25. Ree3 Qe7 26. Ref3 Rd8 27. Qb6 f6 28. Qxc6 Rda8 29. Qd5 Re8 30. d4 Rc7 31. dxe5 dxe5 32. Rd3 Rec8 33. Qd6 Qe8 34. Qxa6 b4 35. Qe6 Re7 36. Qf5+ Kh8 37. Rd6 bxc3 38. bxc3 Rec7 39. c4 Rc5 40. Rd7 Qf8 41. Qg6 R8c7 42. Qxg7+ Qxg7 43. Rgxg7 Rc8 44. Rg6 R8c6 45. Rxh6+ Kg8 46. Rg6+ Kh8 47. Rd5 Kh7 48. Rxc5 Rxc5 49. Rxf6 Kg7 50. Rd6 Rc7 51. Rd5 Kf6 1-0

[Event "Kalamazoo op"]
[Site "Kalamazoo"]
[Date "2002.10.19"]
[Round "3.18"]
[White "Semerciyan, Sebuh"]
[Black "Jewell, Kenneth"]
[Result "0-1"]
[WhiteElo "1273"]
[BlackElo "1855"]
[PlyCount "110"]
[EventDate "2002.10.19"]
[EventType "swiss"]
[EventRounds "5"]
[EventCountry "USA"]
[SourceTitle "EXT 2007"]
[Source "ChessBase"]
[SourceDate "2006.11.23"]
[SourceVersion "1"]
[SourceVersionDate "2006.11.23"]
[SourceQuality "1"]

1. e4 d5 2. exd5 Qxd5 3. Nc3 Qa5 4. d4 Nf6 5. Bd3 Nc6 6. Bd2 Nd5 7. Bc4 Nxc3 8. Qf3 Qf5 9. Bxc3 Qxf3 10. Nxf3 Bf5 11. Bb3 e6 12. 0-0 0-0-0 13. Rfd1 Be4 14. Ne5 Nxe5 15. dxe5 Bc5 16. Kf1 c6 17. f3 Bd5 18. Bxd5 Rxd5 19. Rxd5 exd5 20. Rd1 Rd8 21. Bd4 Bxd4 22. Rxd4 c5 23. Rd2 Kc7 24. Ke2 Kc6 25. c4 b5 26. b3 d4 27. Kd3 Re8 28. f4 b4 29. a3 bxa3 30. Ra2 a5 31. Rxa3 Ra8 32. g4 Kb6 33. Ra2 Re8 34. Re2 Re6 35. g5 g6 36. h4 Re7 37. h5 Kc6 38. hxg6 fxg6 39. Ke4 Rf7 40. Ra2 Ra7 41. f5 gxf5+ 42. Kxf5 Rf7+ 43. Ke6 Rf3 44. Rh2 Rxb3 45. Rxh7 Rg3 46. Kf6 Rf3+ 47. Kg7 d3 48. Rh6+ Kd7 49. Rd6+ Ke7 50. g6 a4 51. Rb6 d2 52. Rb1 a3 53. Rd1 a2 54. Kg8 Rg3 55. Rf1 Rxg6+ 0-1